| 000 | 00661nam a22001817a 4500 | ||
|---|---|---|---|
| 001 | 114607 | ||
| 003 | DR-UNIBE | ||
| 005 | 20260506145437.0 | ||
| 008 | 260429b2003 nq ||||| |||| 00| 0 spa d | ||
| 040 |
_aBIBLIOTECA UNIBE _bspa _cBIBLIOTECA UNIBE |
||
| 041 | _aspa | ||
| 082 | _aF 5835 | ||
| 245 | _aSeminario evaluativo a seis meses de vigencia del código procesal penal | ||
| 260 |
_aManagua : _bCentro para la Administración de Justicia de la Universidad Internacional de la Florida (CAJ-FIU/USAID) : _bAgencia para el Desarrollo Internacional (USAID), _c2003 |
||
| 300 |
_a66 páginas : _bgráficas |
||
| 650 | 7 |
_2lemb _aDerecho penal |
|
| 942 |
_2ddc _cMX |
||
| 999 |
_c114607 _d114607 |
||